header

Ecology and evolution of flowers (Record no. 7398)

MARC details
000 -LEADER
fixed length control field 01570nam a2200409 a 4500
001 - CONTROL NUMBER
control field ebr10271532
003 - CONTROL NUMBER IDENTIFIER
control field CaPaEBR
006 - FIXED-LENGTH DATA ELEMENTS--ADDITIONAL MATERIAL CHARACTERISTICS--GENERAL INFORMATION
fixed length control field m u
007 - PHYSICAL DESCRIPTION FIXED FIELD--GENERAL INFORMATION
fixed length control field cr cn|||||||||
008 - FIXED-LENGTH DATA ELEMENTS--GENERAL INFORMATION
fixed length control field 060713s2006 enkaf sb 001 0 eng
010 ## - LIBRARY OF CONGRESS CONTROL NUMBER
Canceled/invalid LC control number 2006022878
015 ## - NATIONAL BIBLIOGRAPHY NUMBER
National bibliography number GBA653902
Source bnb
016 7# - NATIONAL BIBLIOGRAPHIC AGENCY CONTROL NUMBER
Canceled or invalid record control number 013489970
Source Uk
020 ## - INTERNATIONAL STANDARD BOOK NUMBER
Cancelled/invalid ISBN 0198570864 (pbk. : alk. paper)
Cancelled/invalid ISBN 9780198570868 (pbk. : alk. paper)
Cancelled/invalid ISBN 0198570856 (hbk. : alk. paper)
Cancelled/invalid ISBN 9780198570851 (hbk. : alk. paper)
040 ## - CATALOGING SOURCE
Original cataloging agency CaPaEBR
Transcribing agency CaPaEBR
035 ## - SYSTEM CONTROL NUMBER
System control number (OCoLC)252636135
050 14 - LIBRARY OF CONGRESS CALL NUMBER
Classification number QK830
Item number .E26 2006eb
082 04 - DEWEY DECIMAL CLASSIFICATION NUMBER
Classification number 575.6
Edition number 22
245 00 - TITLE STATEMENT
Title Ecology and evolution of flowers
Medium [electronic resource] /
Statement of responsibility, etc edited by Lawrence D. Harder, Spencer C.H. Barrett.
260 ## - PUBLICATION, DISTRIBUTION, ETC. (IMPRINT)
Place of publication, distribution, etc Oxford ;
-- New York :
Name of publisher, distributor, etc Oxford University Press,
Date of publication, distribution, etc 2006.
300 ## - PHYSICAL DESCRIPTION
Extent xix, 370 p., [8] p. of plates :
Other physical details ill. (some col.).
490 1# - SERIES STATEMENT
Series statement Oxford biology
504 ## - BIBLIOGRAPHY, ETC. NOTE
Bibliography, etc Includes bibliographical references and index.
533 ## - REPRODUCTION NOTE
Type of reproduction Electronic reproduction.
Place of reproduction Palo Alto, Calif. :
Agency responsible for reproduction ebrary,
Date of reproduction 2013.
Note about reproduction Available via World Wide Web.
-- Access may be limited to ebrary affiliated libraries.
650 #0 - SUBJECT ADDED ENTRY--TOPICAL TERM
Topical term or geographic name as entry element Plants, Flowering of.
Topical term or geographic name as entry element Plant ecology.
Topical term or geographic name as entry element Plants
General subdivision Evolution.
655 #7 - INDEX TERM--GENRE/FORM
Genre/form data or focus term Electronic books.
Source of term local
700 1# - ADDED ENTRY--PERSONAL NAME
Personal name Harder, Lawrence D.
Personal name Barrett, Spencer Charles Hilton.
710 2# - ADDED ENTRY--CORPORATE NAME
Corporate name or jurisdiction name as entry element ebrary, Inc.
830 #0 - SERIES ADDED ENTRY--UNIFORM TITLE
Uniform title Oxford biology.
856 40 - ELECTRONIC LOCATION AND ACCESS
Uniform Resource Identifier <a href="http://site.ebrary.com/lib/rucke/Doc?id=10271532">http://site.ebrary.com/lib/rucke/Doc?id=10271532</a>
Public note An electronic book accessible through the World Wide Web; click to view

No items available.

© 2026 Rongo University
Contact us: librarian | system librarian | Rongo university